MDQL
is popping MORE tags! Check the
thread
!
Quizzes
Events
Quiz Creation
Community
Videos
Private Events
Remove Ads
Sign In
Join for FREE
Feedback
Dark Mode
Quiz Categories
Sports
Geography
Music
Movies
Television
Just For Fun
Miscellaneous
History
Literature
Language
Science
Gaming
Entertainment
Religion
Holiday
For Kids
Quiz Lab
Recent
Popular Today
Quiz Kudos Today
Editor Picks
Curator Picks
Quizzes by...
Day
Popularity
Type
Ratings
Length
Year
Community
Subscriptions
Recent Discussions
Orange Saloon
Badges
Playlists
Quests
Create
Leaderboards
Showdown
Live 5
Trivia Bingo
Activity
Puzzle Library
Sporcle Events
Private Events
Virtual Trivia
Globe League
Become a Host
Pub Owners
SporcleCon
Opinionation
Our Games
Videos
Blog
Mobile Apps
Partnerships
Remove Ads and Go Orange
Feedback
Sports
Athletes
MLB
NBA
NHL
NFL
Soccer
Sports Teams
WWE
NCAA
Football
Premier League
Basketball
Baseball
Hockey
Golf
Tennis
Cricket
Rugby
Auto Racing
Olympics
World Cup
Sports
Athletes
MLB
NBA
NHL
NFL
Soccer
Sports Teams
WWE
NCAA
Football
Premier League
Basketball
Baseball
Hockey
Golf
Tennis
Cricket
Rugby
Auto Racing
Olympics
World Cup
Random Quiz
Search Sporcle
×
Quiz Lab
Quiz Lab
Sports
Football
Type in answers that appear in a list
Type in answers that appear in a list
Classic
Best Score? Go Orange.
2013 NHL Starting Lineups Stats
Can you name the starting lines for each NHL team in 2013?
By
sunnergunner
15m
180 Questions
1,122 Plays
1,122 Plays
1,122 Plays
Comments
Comments
Give Quiz Kudos
Give Quiz Kudos
-
- Ratings
hide this ad
More Info
Replay
Link that replays current quiz
Next Quiz
Link to next quiz in quiz playlist
You Got
0%
They Got
Avg Score
59%
Avg Friend Score
Upgrade to see
Score Distribution
Jump to the score distribution portion of the page
Score
0/180
Timer
15:00
0
Plays Today
% Correct
Corey Perry
92.7%
Ryan Getzlaf
92.6%
Zdeno Chara
91.9%
Patrick Kane
91.1%
Tuukka Rask
90.6%
Eric Staal
89.4%
Jonathan Toews
89.3%
Marc Staal
89%
Ryan Miller
87.7%
Sidney Crosby
86%
Pavel Datsyuk
85.4%
Jarome Iginla
85.1%
Jonathan Quick
84.6%
Henrik Zetterberg
84.5%
Corey Crawford
84.3%
Rick Nash
84.2%
Jonas Hiller
83.4%
John Tavares
83.4%
Duncan Keith
83.2%
Niklas Backstrom
83%
Nicklas Backstrom
83%
Cam Ward
82.5%
Zach Parise
81.9%
Taylor Hall
81.5%
Jimmy Howard
81.3%
Anze Kopitar
81.2%
Claude Giroux
81.2%
Patrick Sharp
81.1%
Henrik Sedin
81.1%
Daniel Sedin
81.1%
Carey Price
80.9%
Joe Thornton
80.9%
Martin Brodeur
80.7%
Brent Seabrook
79.9%
Alex Ovechkin
79.9%
Milan Lucic
79.7%
Shea Weber
79.7%
Steve Stamkos
79.7%
Marc-Andre Fleury
79.5%
Thomas Vanek
79.1%
Dustin Brown
78.3%
Bobby Ryan
77.8%
Pekka Rinne
77.3%
Henrik Lundqvist
77.3%
Ryan Suter
77.1%
Mike Smith
77.1%
Brad Richards
76.8%
Mikko Koivu
76.4%
Daniel Alfredsson
76.4%
Jason Spezza
76.2%
P. K. Subban
75.1%
David Krejci
74.5%
Patrick Marleau
74.5%
Phil Kessel
74.1%
Craig Anderson
74%
Ryan Nugent-Hopkins
73.8%
Drew Doughty
73.7%
Matt Duchene
73.4%
Erik Karlsson
73.2%
Kris Letang
72.6%
% Correct
Jamie Benn
72.4%
Shane Doan
72.4%
Kari Lehtonen
71.7%
Antti Niemi
71.7%
Jordan Eberle
71.2%
Jason Pominville
71%
Steve Mason
70.9%
Alexander Semin
70.2%
Jack Johnson
70.2%
Erik Johnson
70.2%
Miikka Kiprusoff
69.9%
Ilya Bryzgalov
69.3%
Semyon Varlamov
69.1%
Cory Schneider
69%
Mike Green
68.9%
Chris Kunitz
68.4%
David Backes
68.4%
Jaroslav Halak
68%
James Neal
67.6%
Evgeni Nabokov
66.9%
Gabriel Landeskog
66.8%
Dion Phaneuf
66.7%
Ilya Kovalchuk
65.6%
Niklas Kronwall
64.1%
Dany Heatley
63.8%
Devan Dubnyk
63.4%
James Reimer
62.9%
Dan Boyle
62.1%
Scott Hartnell
62%
Andrew Ladd
62%
Nathan Horton
61.9%
Braden Holtby
61.7%
Mark Streit
59.8%
Alex Pietrangelo
59.7%
Max Pacioretty
59.3%
Jeff Skinner
59%
Andrei Markov
58.9%
Matt Moulson
58.8%
Tyler Myers
58.6%
Cam Fowler
58.6%
Dennis Seidenberg
58.2%
Joe Pavelski
57.9%
Tomas Plekanec
57.6%
Ondrej Pavelec
57.3%
Loui Eriksson
57.2%
T. J. Oshie
57%
Dustin Byfuglien
56.5%
Alex Burrows
56.3%
Brian Campbell
54.6%
Ray Whitney
54.5%
Ryan Whitney
54.5%
Kimmo Timonen
54.4%
Keith Yandle
53.8%
Stephen Weiss
53.6%
Travis Zajac
53.5%
Paul Martin
52.8%
Jose Theodore
52.1%
Brandon Dubinsky
51.6%
Daniel Girardi
50.6%
Kyle Okposo
49.9%
% Correct
Alexander Edler
49.3%
Joffrey Lupul
49.2%
Victor Hedman
48.5%
David Legwand
48.4%
Olli Jokinen
48.3%
Blake Wheeler
48.3%
Kevin Shattenkirk
48%
Mark Giordano
47.8%
Jakub Voracek
47.6%
Francois Beauchemin
46.9%
Brent Burns
46.3%
Milan Michalek
45.9%
Justin Schultz
45.7%
Kevin Bieksa
45.5%
Alex Tanguay
45.2%
Oliver Ekman-Larsson
44.7%
Tyler Bozak
44.2%
Anders Lindback
43.4%
Cody Hodgson
42.5%
Sergei Gonchar
42.4%
R. J. Umberger
41.3%
Christian Ehrhoff
40.8%
Tobias Enstrom
39.8%
Andy Greene
38.9%
Simon Gagne
38.9%
Tomas Fleischmann
38%
P. A. Parenteau
37.3%
Jonathan Ericsson
36.9%
John Carlson
35.7%
Alex Goligoski
34.5%
Erik Cole
34.5%
Patric Hornqvist
34%
David Perron
34%
Joni Pitkanen
32.4%
Ryan Malone
31.7%
Lubomir Visnovsky
31.5%
Stephane Robidas
31.1%
Damien Brunner
30.9%
Dennis Wideman
29.9%
Braydon Coburn
29.6%
Vaclav Prospal
29.2%
Antoine Vermette
28.3%
Sergei Kostitsyn
28.2%
Martin St. Louis
27.9%
John-Michael Liles
27.9%
James Wisniewski
25.6%
Willie Mitchell
25.3%
Chris Kreider
24.3%
Dainius Zubrus
22.8%
Dmitry Kulikov
22.5%
Joe Corvo
21.9%
Alexei Kovalev
21.7%
Kevin Klein
21%
Jan Hejda
20.1%
Steve Sullivan
18.6%
Troy Brouwer
18.3%
Tom Gilbert
17.3%
Eric Brewer
17%
Henrik Tallinder
15.8%
Roman Cervenka
11.7%
Quiz Playlist
Details
Report
Send in Message
Add To Playlist
More Info:
These are the projected ideal starters on opening day. This is my first quiz. Comments/suggestions welcome!
Classic:
Type in answers that appear in a list
Quiz Source
Last Updated: Feb 16, 2017
Quiz Scoreboard
CHALLENGE
Sign Up to Join the Scoreboard
Show All
Scores
Hide
Comments
May contain spoilers
Recently Published
Two Season TV Shows II
by 123Four
Television
10m
Image Sorting: Flags VI
by Barbecue
Geography
2m
Find the 'City' Movie
by crazypaving
Movies
60s
More to Explore
Quiz From the Vault
Featured Blog Post
14 Easter Pick-up Lines to Find Eggs With
hide this ad
You Might Also Like...
Tags
Baseball Quiz
Basketball Quiz
Football Quiz
Hockey Quiz
NHL Quiz
Soccer Quiz
2013
lineup
Today's Top Quizzes in Sports
Browse Sports
hide this ad
Today's Top Quizzes in Football
Browse Football
Top Contributed Quizzes in Sports
1
Les meilleurs buteurs des matchs entre le PSG et l’OM
2
Les entraîneurs de l'OM et du PSG au 21e siècle
3
2022 World Cup Stars
4
Les joueurs passés par le PSG et l'OM
5
Players with Multiple 50 Home Run Seasons
6
FIFA Club World Cup Champions
7
Criteria MLB: Left Handed Sluggers
8
Les joueurs passés par le LOSC et le RC Lens
9
Top 10 NHL Goal Scorers of All Time
10
MLB Players with Two .350 Batting Average Seasons
Explore More
Trending Topics
Harry Potter
Disney
Kpop
Anime
NBA
Marvel
Crossword
WWE
Pokémon
Song
The Office
Puzzle
Country
NFL
Soccer
hide this ad
More By:
sunnergunner
Quiz
Plays
Rating
Category
Featured
Created
Most Populous World Agglomerations by Any 3 Letters
96,082
4.58
Geography
Jan 24, 2013
2013 NHL Captains (Clickable)
7,817
3.47
Sports
Jan 23, 2013
'13-'14 NHL Captains (Minefield)
4,563
2.92
Sports
Oct 1, 2013
2013 NHL Starting Lineups
1,122
3.43
Sports
Jan 23, 2013
NFL Team Stat Leaders (2016-17)
510
5.00
Sports
Feb 23, 2017
Go to Creator's Profile
Score Distribution
Quiz Creator Spotlight
sunnergunner
Follow
Send a Message
Quizzes Created
-
Created Quiz Play Count
-
More By This Creator
Popular Quizzes Today
1
Find the US States - No Outlines Minefield
2
Colored Red Africa Blitz
3
Find the 'City' Movie
4
5x2 Blitz: Bands
5
The Countries of the World
6
Find the Countries of Europe - No Outlines Minefield
7
Find the US States
8
US States
More Sports Quizzes
⚽ Champions Crests: Georgia
Quiz Lab
Trending Quizzes
Colored Red Europe Blitz I
Colored Red Africa Blitz II
Colored Red Europe Blitz II
Colored Red Europe Blitz III
Colored Red Africa Blitz III
Recently Updated
How Do You Spell That?
pecheneg
Godzilla Movies
pecheneg
Grab Bag: 4-10 Letters
pecheneg
2024 March Madness Bracket
pecheneg
Famous TV Couples
Peacemaker
Champions League XIs: Real Madrid
pecheneg
Largest US Cities 1790-2010
pecheneg
Rides in Walt Disney World
pecheneg
Most Oscar Losses (Acting)
pecheneg
Beyoncé Albums
pecheneg
Trending Topics
NBA
Crossword
Harry Potter
Kpop
Anime
Marvel
Disney
Pokémon
Song
Soccer
Country
The Office
WWE
NFL
Puzzle
Your Account Isn't Verified!
In order to create a playlist on Sporcle, you need to verify the email address you used during registration. Go to your
Sporcle Settings
to finish the process.
Report this User
Report this user for behavior that violates our
Community Guidelines
.
Details:
Send Report
Go to the Sporcle.com Mobile Site →
Comments